000 00472nam a2200157 4500
001 144548
003 ES-MaACL
005 20230906201038.0
007 t|
008 070214s1961 xxc r ||||1| fre d
100 1 _aSimard, Jean.
_9106460
245 1 2 _aL'ange interdit
_b: piece en trois tableaux /
_cJean Simard.
260 _aOttawa (Canada) :
_b[s.n.],
_c1961 (
_fImp. Cercle du Livre de France)
300 _a96 p. ;
_c21 cm.
852 _aES-MaACL
_jC-21415
_bR.49866
999 _c144548
_d144548